00675nam a2200205 u 450000100100000000500170001000800410002702000150006804000250008310000240010824500820013226000390021430000280025344000330028150400730031465000270038765000220041465000160043670000170045200000251720241010113234.0090702s2001 es a r 000 0 spa d a8485840909 aDO-SdBNPbspacBNPHU1 aTolchinsky, Liliana10aEscribir y leer a través del curriculum /cLiliana Tolchinsky, Rosa Simó. aBarcelona :bICE ; HORSORI,c2001. a175 p. :bil. ;c21 cm. 0aCuadernos de educaciónv36 aIncluye referencias bibliográficas y notas al pie de las páginas 4aEscrituraxEnseñanza 4aLectura elementar 0aPedagogía1 aSimó, Rosa